000 00731nam a2200217Ii 4500
003 JO-AjNU
008 230605s9999||||xx |||||||||||||| ||und||
040 _aJO-AjNU
_bara
_erda
_cJO-AjNU
041 _aara
050 1 4 _aPJ7531.D3 2006
100 3 _aتأليف أبو الليل، أمين ؛ محمد ربيع,
_eauthor
_924731
245 0 0 _aالعصر العباسي الأول
250 _aط1
264 3 1 _aعمان: مؤسسة الوراق للنشر، 2005
300 _a256ص
336 _atext
_btxt
_2rdacontent
337 _aunmediated
_bn
_2rdamedia
338 _avolume
_bnc
_2rdacarrier
490 0 _aتاريخ الأدب العربي 1
650 4 _aالأدب العربي - العصر العباسي
_924732
999 _aA9155
_c12723
_d12723